| 000 | 00818cam a2200229 i 4500 | ||
|---|---|---|---|
| 003 | SA-RiAUC | ||
| 005 | 20251203124702.0 | ||
| 008 | 251128s1957____su g z f00000 ara c | ||
| 040 |
_aSA-JeALM _bara _cSA-RiAUC _erda |
||
| 043 |
_aa-su--- _aa-sy--- |
||
| 082 | 0 | 4 | _a337.5310565 |
| 090 |
_a337.5310565 _bس ع و |
||
| 110 | 1 |
_aالسعودية _eمؤلف. |
|
| 245 | 1 | 2 | _aالاتفاق التجاري بين المملكة العربية السعودية والجمهورية المصرية. |
| 264 | 1 |
_aمكة المكرمة : _bمطبعة الحكومة، _c1962 |
|
| 300 |
_a19 صفحة ؛ _c24 سم |
||
| 336 |
_aنص _btxt _2rdacontent _3كتاب |
||
| 337 |
_aبدون وسيط _bn _2rdamedia |
||
| 338 |
_aمجلد _bnc _2rdacarrier |
||
| 942 |
_2ddc _cBOOK _n0 |
||
| 949 |
_aSA-JeALM _d251128 _umohamedma123 _n1 |
||
| 999 |
_c13442 _d13442 |
||